000 02101cam a22004934i 4500
003 PE-LiUPU
005 20250731173302.0
008 150625s1996 sp rb 000 0 spa d
020 _a8476458592
035 _a(Sirsi) i9788476458594
040 _aPE-LiUPU
_bspa
_cPE-LiUPU
_erda
049 _aPRUA
082 0 4 _a220.6
_bZ22
_221
100 1 _aZaldívar, Raúl,
_eautor.
245 1 0 _aCrítica bíblica :
_bun enfoque evangélico a las técnicas de investigación del texto sagrado /
_cRaúl Zaldívar.
264 1 _aBarcelona :
_bClie,
_c1996.
300 _a103 páginas ;
_c20 centímetros
336 _atext
_2rdacontent
337 _aunmediated
_2rdamedia
338 _avolume
_2rdacarrier
504 _aIncluye referencias bibliográficas.
505 0 _aCrítica textual -- Crítica lingüística -- Crítica literaria -- Crítica de formas -- Crítica de redacción -- Crítica histórica.
526 _aSEG42
526 _aSEG41
526 _aSEG40
526 _aSEG39
526 _aP94
526 _aP87
526 _aP86
526 _aP85
526 _aP77
526 _aP76
526 _aP35
541 _g001-0014464;
541 _g001-0014464;
630 _aBiblia
_xCrítica, interpretación, etc.
942 _2ddc
_cBOOK
949 _a220.6 Z22
_wDEWEY
_c1
_i55500
_d2015-10-19
_e2015-10-16
_lCCODEBUL1
_mBUL
_n1
_p5.00
_r0
_sY
_tBOOK
_u2015-6-25
_xTEOLOGIA
_zUNKNOWN
_0COMPRA
_o.STAFF. Colección General
949 _a220.6 Z22
_wDEWEY
_c2
_i55499
_lCCODEBUL1
_mBUL
_p5.00
_r0
_sY
_tBOOK
_u2015-6-25
_xTEOLOGIA
_zUNKNOWN
_0COMPRA
_o.STAFF. Colección General
994 _aC0
_bPEPRU
596 _a1
999 _a220.6 Z22
_wDEWEY
_c44389
_i55500
_d44389
_e2015-10-16
_f2021-11-9
_g5
_lCCODEBUL1
_mBUL
_n1
_p5.00
_r0
_sY
_tBOOK
_u2015-6-25
_xTEOLOGIA
_zUNKNOWN
_0COMPRA
_o.STAFF. Colección General
999 _a220.6 Z22
_wDEWEY
_c2
_i55499
_e2017-5-5
_f2021-11-9
_g5
_lCCODEBUL1
_mBUL
_n1
_p5.00
_r0
_sY
_tBOOK
_u2015-6-25
_xTEOLOGIA
_zUNKNOWN
_0COMPRA
_o.STAFF. Colección General
980 _81
_gALBERTO SANCHEZ Responsable de Automatización